Дело по отношению министра финансов относительно учреждения особой комиссии для подробнейшего и всестороннего исследования причи...

Доступно только в Электронных читальных залах Найти на картеНа карте
RUSMARC
00003834nmc2a22000003x 450
0014c40ea61-abd4-4005-b632-6df0462af3d5
00520210420093958.0
100##$a20190325l18731880k l0rusy0189 ca
1010#$arus
102##$aRU
2001#$aДело по отношению министра финансов относительно учреждения особой комиссии для подробнейшего и всестороннего исследования причин накопления недоимок по взысканию податей и других сборов по Санкт-Петербургской губернии
$j20 декабря 1873 г. - 15 апреля 1880 г.
251##$cДело
300##$aДело
801#0$aRU
$bРГИА
$c20190325
$gRCR
801#1$aRU
$bГлавНИВЦ
$c20190325
$2rusmarc
801#2$aRU
$bПБ им. Б.Н. Ельцина
$c20210420
$gRCR
$2rusmarc
850##$aРГИА
852##$aРГИА
$eФедеральное казенное учреждение "Российский государственный исторический архив" (РГИА)
$j110
937##$hРГИА
$d12311459
$aASBIBLIO_SCAN
462#0$10014af67a45-48db-4e4b-9cc3-13b4608e89f1
$12001
$aДела Департамента полиции исполнительной МВД за 1873 год
$1251
$cОпись
$1852
$j34
$l1873 г.
461#0$10013e300ed0-cd39-49af-8489-5ba5b90fa401
$12001
$aДепартамент полиции исполнительной МВД
$1251
$cФонд
$1852
$j1286
215##$a391 л.
$d36,5х26 см
371##$aДокумент не является опубликованным и широко распространяемым
105##$ay###
1222#$ad
035##$a4c40ea61-abd4-4005-b632-6df0462af3d5
856##$uhttp://readingroom.main.prlib.ru/item.aspx?id_node=n162701187&mode=full
Формат отображения